1532 1051 1800 1444 1656 1549 1720 1518 1644 1203 1166 1482 1834 1448 1213 1713 1137 1957 1007 1555 1324 1949 1497 1345 1075 1228 1216 1204 1094 1148 1369 1052 1624 1443 1410 1295 1102 1779 1710 1741 1674 1027 1680 1940 1883 1082 1948 1759 1143 1203 1201 1289 1741 1903 1192 1235 1612 1756 1494 1066 1784 1628 1283 1303 1589 1981 1004 1093 1337 1195 1638 1396 1694 1542 1848 1563 1758 1362 1578 1467 1171 1957 1718 1922 1045 1586 1548 1934 1133 1429 1084 1612 1183 1882 1640 1929 1797 1988 1936 BCNSPRNW ULIB Ver.6.0+V

เปลี่ยนเป็นภาษาไทย

Change to English
 แสดงรายละเอียดบรรณานุกรม
  กลับหน้าหลัก

Brief Record : Get Marc (ISO 2709) : E-mail record : QR code < ปิดหน้าต่าง
LEADER : 00000nam 2200000uu 4500
001    13399123672
003     ULIB
008    141104s2557||||th 000 0 tha d
020    ^a9786161120733
060  4 ^aWA590^bส691ร
100 0  ^aธีรพร สถิระอังกูร และคนอื่นๆ
245    ^aรูปแบบการส่งเสริมสุขภาพโดยพยาบาลผู้จัดการสุขภาพชุมชน/^cธีรพร สถิระอังกูร และคนอื่นๆ
260    ^aกรุงเทพฯ :^bเทพเพ็ญวานิสย์,^c2557
300    ^a95 หน้า
650    ^aการส่งเสริมสุขภาพโดยพยาบาลผู้จัดการสุขภาพชุมชน
710 1  สำนักการพยาบาล สำนักงานปลัดกระทรวงสาธารณสุข
710 1  สำนักงานกองทุนสนับสนุนการสร้างเสริมสุขภาพ
945    ^p0^l0^i036684
945    ^p0^l0^i036685
945    ^p0^l0^i036686
999    ^aเกษร โพธิ์สุวรรณ
รายการนี้ยังไม่มีแท็ก
คุณยังไม่ได้ล็อกอิน คุณสามารถมีกิจกรรมร่วมกับเว็บไซต์ได้ แต่ต้องล็อกอินก่อน ::
  ล็อกอิน

รายการสื่อสารสนเทศ

ลำดับที่ ประเภท เลขเรียก/บาร์โค้ด สถานที่ สถานะ
1. วิทยาศาสตร์การแพทย์ และสุขภาพ
วิทยาศาสตร์การแพทย์ และสุขภาพ
สถานะ=หนังสือเก่า
WA590 ส691ร ฉ.1 
  Barcode: 036684
ห้องสมุดวิทยาเขตสวรรค์ประชารักษ์
►ส่วนจัดเก็บหนังสือเก่า สปร
บนชั้น
  ขอยืม
2. วิทยาศาสตร์การแพทย์ และสุขภาพ
วิทยาศาสตร์การแพทย์ และสุขภาพ
สถานะ=หนังสือเก่า
WA590 ส691ร ฉ.2 
  Barcode: 036685
ห้องสมุดวิทยาเขตสวรรค์ประชารักษ์
►ส่วนจัดเก็บหนังสือเก่า สปร
บนชั้น
  ขอยืม
3. วิทยาศาสตร์การแพทย์ และสุขภาพ
วิทยาศาสตร์การแพทย์ และสุขภาพ
สถานะ=หนังสือเก่า
WA590 ส691ร ฉ.3 
  Barcode: 036686
ห้องสมุดวิทยาเขตสวรรค์ประชารักษ์
►ส่วนจัดเก็บหนังสือเก่า สปร
บนชั้น
  ขอยืม

BibComment


ยังไม่เคยถูกคอมเมนท์

คอมเมนท์ทรัพยากรรายการนี้
  คอมเมนท์: รูปแบบการส่งเสริ..


 Copyright 2026. Bcnsprnw @Library